The operas of verdi
Αποθηκεύτηκε σε:
| Κύριος συγγραφέας: | |
|---|---|
| Μορφή: | Βιβλίο |
| Γλώσσα: | English |
| Δημοσίευση: |
Oxford :
Clarendon press,
1992
|
| Θέματα: | |
| Ετικέτες: |
Προσθήκη ετικέτας
Δεν υπάρχουν, Καταχωρήστε ετικέτα πρώτοι!
|
MARC
| LEADER | 00000nam a2200000 i 4500 | ||
|---|---|---|---|
| 001 | 1/59848 | ||
| 008 | 960209s1992 eng d | ||
| 020 | |a 0-19-816261-8 | ||
| 020 | |a 0-19-816262-6 | ||
| 020 | |a 0-19-816263-4 | ||
| 035 | |a 1995 |c ΚΟΝΙΟΡΔΟΣ |l 10046149 | ||
| 040 | |a GR-MY-UA |b gre |e aacr | ||
| 041 | 0 | |a eng | |
| 082 | 0 | |a 782.1092 | |
| 100 | 1 | |a Budden, Julian. | |
| 245 | 1 | 4 | |a The operas of verdi / |c Jullian Budden |
| 260 | |a Oxford : |b Clarendon press, |c 1992 | ||
| 300 | |a 3 v.; |c 23 cm. | ||
| 505 | 0 | |a vol.1 From oberto to rigoletto -- vol.2 From il travatore to la forza del destino -- vol.3 From don carlos to falstaff. | |
| 600 | 1 | 0 | |a Verdi Giuseppe |d 1813-1901. |
| 650 | 0 | 0 | |a Operas. |
| 740 | 0 | 2 | |a From oberto to rigoletto. |
| 740 | 0 | 2 | |a From il travatore to la forza del destino. |
| 740 | 0 | 2 | |a From don carlos to falstaff. |
| 852 | |a INST |b SAMOS |e 19960209 |h 782.1092 BUD |p 005300004644 |q 005300004644 |t BK |y 0 |z v.3 | ||
| 852 | |a INST |b SAMOS |e 19960209 |h 782.1092 BUD |p 005300004645 |q 005300004645 |t BK |y 0 |z v.2 | ||
| 852 | |a INST |b SAMOS |e 19960209 |h 782.1092 BUD |p 005300004646 |q 005300004646 |t BK |y 0 |z v.1 | ||
| 852 | |a INST |b SAMOS |e 19960209 |h 782.1092 BUD |p 005300004644 |q 005300004644 |t BK |v v.3: |y 0 |z v.3 | ||
| 852 | |a INST |b SAMOS |e 19960209 |h 782.1092 BUD |p 005300004645 |q 005300004645 |t BK |v v.2: |y 0 |z v.2 | ||
| 852 | |a INST |b SAMOS |e 19960209 |h 782.1092 BUD |p 005300004646 |q 005300004646 |t BK |v v.1: |y 0 |z v.1 | ||
| 853 | |a INST |b SAMOS |h 782.1092 BUD | ||
| 909 | |a Σ |b 041432 | ||
| 909 | |a Σ |b 041431 | ||
| 909 | |a Σ |b 041433 | ||